2023-24 NFL WR BY PICTURE - Statistics

General Stats
  • This quiz has been taken 2,288 times
    1,658 since last reset
  • The average score is 43 of 56
Answer Stats
Picture Answer % Correct
DK Metcalf
98%
Ja'Marr Chase
97%
CeeDee Lamb
95%
Odell Beckham Jr.
95%
Adam Thielen
94%
Stefon Diggs
89%
Chris Godwin
87%
Cooper Kupp
87%
DeAndre Hopkins
87%
George Pickens
87%
Mike Evans
87%
Tyreek Hill
87%
A.J. Brown
85%
DeVonta Smith
85%
Justin Jefferson
84%
Keenan Allen
84%
Amon-Ra St. Brown
83%
Christian Kirk
83%
Davante Adams
83%
Deebo Samuel
83%
Puka Nacua
82%
Jaylen Waddle
81%
Tyler Lockett
81%
Rashee Rice
80%
Zay Flowers
80%
Brandon Aiyuk
79%
Courtland Sutton
79%
Christian Watson
78%
Michael Pittman Jr.
78%
Michael Thomas
78%
Nico Collins
78%
Garrett Wilson
77%
Jordan Addison
77%
Marquise Brown
77%
Tee Higgins
77%
Terry McLaurin
77%
Amari Cooper
76%
Chris Olave
74%
Gabe Davis
74%
Jordan Addison
74%
DJ Moore
73%
Jaxon Smith-Njigba
73%
Jerry Jeudy
70%
Drake London
69%
Calvin Ridley
68%
Brandin Cooks
67%
Romeo Doubs
66%
Mike Williams
65%
Jakobi Meyers
61%
Tyler Boyd
61%
Jayden Reed
60%
Darnell Mooney
59%
Josh Downs
58%
Darius Slayton
56%
Diontae Johnson
52%
Elijah Moore
46%
No matching quizzes found
Score Distribution
Percent of People with Each Score
Percentile by Number Answered
Your Score History
You have not taken this quiz since the last reset